000 00317nam a22001457a 4500
999 _c54911
_d54911
008 190925b ||||| |||| 00| 0 eng d
020 _a9780078028076
041 _aeng
080 _a004
082 _a004
100 _a28
101 _aSHKI
245 _aApplied Circuit Analysis
_cSadiku.M.N.O
942 _2udc
_cBK